Người Thái Đen tính lịch và xem ngày giờ lành
שמור ב:
| מחבר ראשי: | |
|---|---|
| פורמט: | ספר |
| שפה: | Vietnamese |
| יצא לאור: |
Hà Nội
Văn hóa thông tin
2012
|
| נושאים: | |
| תגים: |
הוספת תג
אין תגיות, היה/י הראשונ/ה לתייג את הרשומה!
|
| Thư viện lưu trữ: | Trung tâm Học liệu Lê Vũ Hùng, Trường Đại học Đồng Tháp |
|---|
| LEADER | 00928aam a22002898a 4500 | ||
|---|---|---|---|
| 001 | 00030730 | ||
| 005 | 20171026081025.0 | ||
| 008 | 130621s2012 ||||||viesd | ||
| 020 | # | # | |a 9786045000854 |
| 041 | 0 | # | |a vie |
| 082 | 1 | 4 | |a 133.3 |b NG558TH |
| 100 | 1 | # | |a Nguyễn, Văn Hòa |
| 245 | 1 | 0 | |a Người Thái Đen tính lịch và xem ngày giờ lành |c Nguyễn Văn Hòa |
| 260 | # | # | |a Hà Nội |b Văn hóa thông tin |c 2012 |
| 300 | # | # | |c 21 cm. |a 307 tr. |
| 500 | # | # | |a ĐTTS ghi: Hội văn nghệ dân gian Việt Nam |
| 504 | # | # | |a Sumary: tr. 301.-Thư mục: tr. 303 |
| 653 | # | # | |a Người Thái Đen |
| 653 | # | # | |a Tính Lịch |
| 653 | # | # | |a Việt Nam |
| 653 | # | # | |a Xem ngày |
| 852 | # | # | |j KD.0014667 |
| 852 | # | # | |j KD.0014667 |b Kho đọc |
| 910 | |d 6/2013 | ||
| 980 | # | # | |a Trung tâm Học liệu Lê Vũ Hùng, Trường Đại học Đồng Tháp |


